01432nam a2200409 a 450000100100000000500170001000700030002700800410003002000610007102000350013203500200016704000240018704100130021107200620022408000200028608000170030608000210032308000280034408000170037208000220038910000340041124501030044524600170054825000120056526000280057730000200060550000500062561000220067565000600069765000330075765000610079065100470085165500320089865500350093070000380096576500190100300063798520220808082342.0ta021125s2002 xr g f cze d a8024206102q(Euromedia Group - Knižní klub ; váz.) a8072144693q(Baronet ; váz.) a(OCoLC)85032575 aBOA001bczecBOA0011 aczeheng 7a821.111-3xAnglická próza, anglicky psaná2Konspekt a821.111-312MRF a355.3182MRF a355.48(477)2MRF a94(100)"1939/1945"2MRF a94(477)2MRF a(0:82-311.6)2MRF1 aKessler, Leo,d1926-20074aut10aCharkov: Pochod smrti :bz historie pluku SS Wotan /cLeo Kessler ; [přeložil Bohumil Neumann]33aPochod smrti aVyd. 1. aPraha :bBaronet,c2002 a246 s. ;c21 cm aVydáno ve spolupráci s Knižním klubem27aWaffen-SS2czenas07aspeciální jednotky (vojenství)zNěmecko2czenas07aCharkov, bitva, 19422czenas07adruhá světová válka, 1939-1945zUkrajina2czenas 7aCharkov (Ukrajina)xdějinyy19422czenas 7aanglické romány2czenas 7aválečné romány2czenas1 aNeumann, Bohumil,d1930-20104trl0 tMarch of death